Wayward wife and other stories (Record no. 188166)

MARC details
000 -LEADER
fixed length control field 00361nam a2200145Ia 4500
008 - FIXED-LENGTH DATA ELEMENTS--GENERAL INFORMATION
fixed length control field 230917s9999||||xx |||||||||||||| ||und||
040 ## - CATALOGING SOURCE
-- 56129
Original cataloging agency VIVEKANANDA LIBRARY
041 ## - Language
-- English
082 ## - DDC NUMBER
Classification number 853.9 M797W
100 ## - MAIN ENTRY--PERSONAL NAME
Personal name Moravia, Alberto
245 #0 - TITLE STATEMENT
Title Wayward wife and other stories
260 ## - PUBLICATION, DISTRIBUTION, ETC. (IMPRINT)
Place of publication, distribution, etc London
Name of publisher, distributor, etc Secker and Warburg
Date of publication, distribution, etc 1960
300 ## - PHYSICAL DESCRIPTION
Pages 221 p.
942 ## - ADDED ENTRY ELEMENTS (KOHA)
Koha item type Books
Holdings
Withdrawn status Lost status Damaged status Not for loan Location (home branch) Sublocation or collection (holding branch) Date acquired Koha issues (times borrowed) Koha full call number Accession No. Koha date last seen Koha item type
        VIVEKANANDA LIBRARY VIVEKANANDA LIBRARY 20/12/2002 1 853.9 M797W 4442 01/04/2026 Books
© Designed and Maintained by Vivekananda Library, MDU Rohtak